000 00541nam a2200193Ia 4500
003 LDD
008 181029s9999 xx 000 0 und d
020 _a387329056
_cE64.95
040 _cLDD
100 _aSun, Jianguo
245 4 _aThe Statistical Analysis of Inerval-censored Failure Time Data
_cJianguo Sun
260 _aNew York
_bSpringer
_c2006
300 _axv, 295p.
365 _bE 64.95
901 _a3428
_b02-11-2006
902 _a11483
_b27-12-2006
_cF
_dGBH
_e51
903 _aDiscount-10
_bReqst by : Deepika
942 _2ddc
_cBK
999 _c76982
_d76982